Freshwater Resources Quiz Stats

 Plays Quiz not verified by Sporcle

Score 0/10 Timer 05:00
0 Plays Today
Rank Country % Correct
8Canada
94.7%
1Iceland
52.9%
9New Zealand
36.5%
2Guyana
20%
3Suriname
18.8%
6Papua New Guinea
12.9%
4Republic of the Congo
12.4%
7Gabon
11.2%
5Bhutan
10.6%
10Solomon Islands
5.9%

You're not logged in!

Compare scores with friends on all Sporcle quizzes.
OR
Log In

Show Comments

Extras

Top Quizzes Today


Score Distribution

Your Account Isn't Verified!

In order to create a playlist on Sporcle, you need to verify the email address you used during registration. Go to your Sporcle Settings to finish the process.

Report this User

Report this user for behavior that violates our Community Guidelines.

Details: